Designing training programs : the critical events model

Αποθηκεύτηκε σε:
Λεπτομέρειες βιβλιογραφικής εγγραφής
Κύριος συγγραφέας: Nadler, Leonard
Άλλοι συγγραφείς: Nadler, Zeace
Μορφή: Βιβλίο
Γλώσσα:English
Δημοσίευση: Houston, London : Gulf publishing, 1994
Έκδοση:2η έκδ.
Θέματα:
Ετικέτες: Προσθήκη ετικέτας
Δεν υπάρχουν, Καταχωρήστε ετικέτα πρώτοι!

MARC

LEADER 00000nam a2200000 i 4500
001 1/50411
008 960404s1994 eng d
020 |a 0-88415-100-X 
035 |l 10027000 
040 |a GR-MY-UA  |b gre  |e aacr 
041 0 |a eng 
082 0 |a 658.3312404 
100 1 |a Nadler, Leonard. 
245 1 0 |a Designing training programs :  |b the critical events model /  |c Leonard Nadler, Zeace Nadler 
250 |a 2η έκδ.  
260 |a Houston, London :   |b Gulf publishing,   |c 1994 
300 |a 280 σ. 
504 |a Περιλαμβάνει βιβλιογραφικές παραπομπές και ευρετήριο 
650 0 0 |a Employees  |x Training of. 
700 1 |a Nadler, Zeace. 
852 |a INST  |b CHIOS  |e 19960404  |h 658.3312404 NAD  |p 005200003690  |q 005200003690  |t BK  |y 0 
909 |a Χ  |b 037608